| 000 | 00632cam a2200229 4500500 | ||
|---|---|---|---|
| 005 | 20260329004821.0 | ||
| 041 | _afre | ||
| 042 | _adc | ||
| 100 | 1 | 0 |
_aOrtoli, Sven _eauthor |
| 245 | 0 | 0 | _aCours toujours |
| 260 | _c2021. | ||
| 500 | _a38 | ||
| 690 | _aAthlétisme | ||
| 690 | _aCourse | ||
| 690 | _aCourse à pied | ||
| 690 | _aPerformance | ||
| 690 | _aUltra-Trail | ||
| 690 | _aUltramarathon | ||
| 690 | _aVitesse | ||
| 786 | 0 | _nPhilosophie magazine | 149 | 5 | 2021-05-01 | p. 22-23 | 1951-1787 | |
| 856 | 4 | 1 | _uhttps://shs.cairn.info/magazine-philosophie-magazine-2021-5-page-22?lang=fr&redirect-ssocas=7080 |
| 999 |
_c1837596 _d1837596 |
||